Lecture Ready 2. Answer key and Transcripts : (Record no. 14720)
[ view plain ]
| 000 -LEADER | |
|---|---|
| fixed length control field | 00879nac a22002411u 4500 |
| 008 - FIXED-LENGTH DATA ELEMENTS--GENERAL INFORMATION | |
| fixed length control field | 080817t xxu||||| |||| 00| 0 eng d |
| 020 ## - INTERNATIONAL STANDARD BOOK NUMBER | |
| International Standard Book Number | 9780194417150 |
| 020 ## - INTERNATIONAL STANDARD BOOK NUMBER | |
| International Standard Book Number | 0194417158 |
| 082 ## - DEWEY DECIMAL CLASSIFICATION NUMBER | |
| Classification number | 371.30281 |
| Item number | LEC TR |
| 245 ## - TITLE STATEMENT | |
| Title | Lecture Ready 2. Answer key and Transcripts : |
| Remainder of title | Strategies for Academic Listening, Note-taking, and Discussion / |
| Statement of responsibility, etc | Peg Sarosy, Kathy Sherak |
| 246 ## - VARYING FORM OF TITLE | |
| Title proper/short title | Answer Key and Transcripts. |
| 260 ## - PUBLICATION, DISTRIBUTION, ETC. (IMPRINT) | |
| Place of publication, distribution, etc | Oxford, UK : |
| Name of publisher, distributor, etc | Oxford University Press, 2006 |
| Date of publication, distribution, etc | 2006 |
| 300 ## - PHYSICAL DESCRIPTION | |
| Extent | 37 p. ; |
| Dimensions | 32 cm. + |
| Accompanying material | 1 DVD, 2 audio discs, 1 text (120 p.) |
| 650 ## - SUBJECT ADDED ENTRY--TOPICAL TERM | |
| Topical term or geographic name as entry element | Lecture method in teaching |
| 9 (RLIN) | 8352 |
| 650 ## - SUBJECT ADDED ENTRY--TOPICAL TERM | |
| Topical term or geographic name as entry element | Lectures and lecturing |
| 9 (RLIN) | 19900 |
| 650 ## - SUBJECT ADDED ENTRY--TOPICAL TERM | |
| Topical term or geographic name as entry element | Note-taking. |
| 9 (RLIN) | 1009 |
| 650 ## - SUBJECT ADDED ENTRY--TOPICAL TERM | |
| Topical term or geographic name as entry element | Study skills. |
| 9 (RLIN) | 14009 |
| 700 ## - ADDED ENTRY--PERSONAL NAME | |
| 9 (RLIN) | 14001 |
| Personal name | Sherak, Kathy. |
| 740 ## - ADDED ENTRY--UNCONTROLLED RELATED/ANALYTICAL TITLE | |
| Uncontrolled related/analytical title | Lecture Ready 1 |
| 740 ## - ADDED ENTRY--UNCONTROLLED RELATED/ANALYTICAL TITLE | |
| Uncontrolled related/analytical title | Lecture Ready 2 |
| 740 ## - ADDED ENTRY--UNCONTROLLED RELATED/ANALYTICAL TITLE | |
| Uncontrolled related/analytical title | Lecture Ready 3 |
| 942 ## - ADDED ENTRY ELEMENTS (KOHA) | |
| Item type | Book - Borrowing |
| Call number prefix | 371.30281LEC TR |
| Source of classification or shelving scheme | Dewey Decimal Classification |
| Withdrawn status | Item status | Source of classification or shelving scheme | Materials specified (bound volume or other part) | Damaged status | Not for loan | Vendor | Home library | Current library | Shelving location | Date acquired | Source of acquisition | Total Checkouts | Full call number | Barcode | Date last seen | Koha item type | Total Renewals | Date last borrowed |
|---|---|---|---|---|---|---|---|---|---|---|---|---|---|---|---|---|---|---|
| Lost | Dewey Decimal Classification | Lost In Inventory_2015-8-23 | Baccah | Central Library | Central Library | First floor | 27/09/2010 | 371.30281 LEC TR | 000022017 | 24/06/2013 | Book - Teacher Resource | |||||||
| Lost | Dewey Decimal Classification | Lost In Inventory_2015-8-23 | Baccah | Central Library | Central Library | First floor | 27/09/2010 | 371.30281 LEC TR | 000022016 | 24/06/2013 | Book - Teacher Resource | |||||||
| Lost | Dewey Decimal Classification | Lost In Inventory_2015-8-23 | Baccah | Central Library | Central Library | First floor | 27/09/2010 | 371.30281 LEC TR | 000022018 | 24/06/2013 | Book - Teacher Resource | |||||||
| Dewey Decimal Classification | Baccah | Central Library | Central Library | First floor | 27/09/2010 | 2 | 371.30281 LEC TR | 000022019 | 15/07/2025 | Book - Teacher Resource | 4 | 30/01/2013 | ||||||
| Lost | Dewey Decimal Classification | Lost In Inventory_2015-8-23 | Baccah | Central Library | Central Library | First floor | 27/09/2010 | 2 | 371.30281 LEC TR | 000022021 | 24/06/2013 | Book - Teacher Resource | 06/07/2011 | |||||
| Dewey Decimal Classification | Baccah | Central Library | Central Library | First floor | 27/09/2010 | 2 | 371.30281 LEC TR | 000022020 | 15/07/2025 | Book - Teacher Resource | 2 | 24/11/2013 | ||||||
| Dewey Decimal Classification | Baccah | Central Library | Central Library | First floor | 27/09/2010 | 1 | 371.30281 LEC TR | 000022015 | 15/07/2025 | Book - Teacher Resource | 4 | 28/09/2010 |